00667nam a22002057a 4500020001800000082002500018100001900043245004100062260006400103300001000167650002900177650003000206650001400236650002300250650001500273700003200288942000700320999001900327952011500346 a9789391946142 aM 894.814 092bIND/P aIndira Lankesh aPulimavum Njanum/cby Indira Lankesh aKottayam:bSahithya Pravarthaka Cooperative Society,c2022. a158p. aBiography Indira Lankesh aBiography Literary Writer aBiography vLiterature Kannada vLiterature aSudhakaran Ramanthali (tr.) cBK c174216d174216 00104070aSSUSbSSUScSTACKSd2023-03-02g200.00l0oM 894.814 092 IND/Pp103073r2023-03-02w2023-03-02yBK